书目信息 |
| 题名: |
连珠五子棋快速入门
|
|
| 作者: | 刘得新 编著 | |
| 分册: | ||
| 出版信息: | 北京 北京体育大学出版社 1997 |
|
| 页数: | 266页 | |
| 开本: | 19cm | |
| 丛书名: | ||
| 单 册: | ||
| 中图分类: | G891.9 | |
| 科图分类: | ||
| 主题词: | 五子棋--基本知识 | |
| 电子资源: | ||
| ISBN: | 7-81051-195-5 | |
| 000 | 00597nam0 2200217 45 | |
| 001 | 0198019853 | |
| 005 | 20031219104122.6 | |
| 010 | @a7-81051-195-5@dCNY11 | |
| 100 | @a19980409d1997 em y0chiy0121 ea | |
| 101 | 0 | @achi |
| 102 | @aCN@b110000 | |
| 105 | @ay z 000yy | |
| 106 | @ar | |
| 200 | 10 | @a连珠五子棋快速入门@Alian zhu wu zi qi kuai su ru men@f刘得新编著 |
| 210 | @a北京@c北京体育大学出版社@d1997 | |
| 215 | @a266页@d19cm | |
| 606 | @a五子棋@x基本知识 | |
| 690 | @aG891.9@v3 | |
| 701 | 0 | @a刘得新@Aliu de xin@4编著 |
| 801 | @aCN@bTSTC@c20031211 | |
| 905 | @b329554-558@dG891.9@e172@f5 | |
| 连珠五子棋快速入门/刘得新编著.-北京:北京体育大学出版社,1997 |
| 266页;19cm |
| ISBN 7-81051-195-5:CNY11 |
| ● |
| 相关链接 |
|
|
|
|
正题名:连珠五子棋快速入门
索取号:G891.9/172
 
预约/预借
| 序号 | 登录号 | 条形码 | 馆藏地/架位号 | 状态 | 备注 |
| 1 | 0329554 | 203295549 | 密集书库/ [索取号:G891.9/172] | 在馆 | |
| 2 | 0329555 | 203295558 | 第四借阅区/ [索取号:G891.9/172] | 在馆 | |
| 3 | 0329556 | 203295567 | 第四借阅区/ [索取号:G891.9/172] | 在馆 | |
| 4 | 0329557 | 203295576 | 密集书库/ [索取号:G891.9/172] | 在馆 | |
| 5 | 0329558 | 203295585 | 第一样本阅览室/ [索取号:G891.9/172] | 在馆 |